| 000 | 01207nam a2200253Ia 4500 | ||
|---|---|---|---|
| 999 |
_c52677 _d52677 |
||
| 001 | 19701 | ||
| 003 | GE_BSU | ||
| 005 | 20200328210313.0 | ||
| 008 | 181216s1984||||ge |||||||||||||| ||geo|| | ||
| 040 | _cGE_BSU | ||
| 041 | _ageo | ||
| 080 | _a811.353.1'367 ფ-99 | ||
| 100 |
_aფხაკაძე, დარეჯან _97827 |
||
| 245 |
_aI თურმეობითის ფუნქციები ქართულში / _cდარეჯან ფხაკაძე ; რედ. ე. ბაბუნაშვილი. |
||
| 264 |
_aთბილისი : _bთბილისის უნ-ტის გამ-ბა, _c1984. |
||
| 300 |
_a155 გვ. ; _c20 სმ. |
||
| 504 | _aბიბლიოგრ. გვ. 148 | ||
| 541 | _h1ლ.70თ. | ||
| 653 | _aI თურმეობითის ფუნქციები ქართულში | ||
| 653 | _aქართული ენა | ||
| 700 |
_aბაბუნაშვილი, ე. _eრედაქტორი _97828 |
||
| 710 |
_aთბილისის შრომის წითელი დროშის ორდენოსანი სახელმწიფო უნ-ტი _97829 |
||
| 942 |
_cBK _2udc |
||